书目信息 |
| 题名: |
土木工程制图习题集
|
|
| 作者: | 谢坚 , 马彩祝 , 黄莉 主编 | |
| 分册: | ||
| 出版信息: | 北京 中国建筑工业出版社 2013 |
|
| 页数: | 44页 | |
| 开本: | 26×37cm | |
| 丛书名: | ||
| 单 册: | ||
| 中图分类: | TU204.2-44 , TU204.2 | |
| 科图分类: | ||
| 主题词: | 土木工程 , 建筑制图 , 土木工程--建筑制图--高等学校--习题集 | |
| 电子资源: | ||
| ISBN: | 978-7-112-15478-4 | |
| 000 | 01015nam0 2200289 450 | |
| 001 | 141482 | |
| 005 | 20141106155403.96 | |
| 010 | @a978-7-112-15478-4@dCNY 17.00 | |
| 100 | @a20130903d2013 em y0chiy50 ea | |
| 101 | 0 | @achi |
| 102 | @aCN@b110000 | |
| 105 | @aa q 000yy | |
| 200 | 1 | @a土木工程制图习题集@9tu mu gong cheng zhi tu xi ti ji@b专著@f谢坚,黄莉,马彩祝主编 |
| 210 | @a北京@c中国建筑工业出版社@d2013 | |
| 215 | @a44页@d26×37cm | |
| 300 | @a高等学校规划教材 | |
| 330 | @a本书是《土木工程制图》的配套教学用书,以“必需、够用”为原则,依据《房屋建筑制图统一标准》及有关专业制图标准进行编写,在结构施工图中详细介绍了平法规则,并采用多个图例讲解施工图的平法读图。 | |
| 606 | 0 | @a土木工程 |
| 606 | 0 | @a建筑制图 |
| 606 | 0 | @a土木工程@x建筑制图@x高等学校@j习题集 |
| 690 | @aTU204.2-44@v5 | |
| 690 | @aTU204.2@v4 | |
| 701 | 0 | @a谢坚@9xie jian@4主编 |
| 701 | 0 | @a马彩祝@9ma cai zhu@4主编 |
| 701 | 0 | @a黄莉@9huang li@c(土木工程)@4主编 |
| 801 | 0 | @c20141106 |
| 905 | @a241430@dTU204.2@eX445 | |
| 土木工程制图习题集/谢坚,黄莉,马彩祝主编.-北京:中国建筑工业出版社,2013 |
| 44页;26×37cm |
| 高等学校规划教材 |
| ISBN 978-7-112-15478-4:CNY 17.00 |
| 本书是《土木工程制图》的配套教学用书,以“必需、够用”为原则,依据《房屋建筑制图统一标准》及有关专业制图标准进行编写,在结构施工图中详细介绍了平法规则,并采用多个图例讲解施工图的平法读图。 |
| ● |
| 相关链接 |
|
|
|
正题名:土木工程制图习题集
索取号:TU204.2/X445
 
预约/预借
| 序号 | 登录号 | 条形码 | 馆藏地/架位号 | 状态 | 备注 |
| 1 | 0838062 | 208380624 | 建筑库101/101建筑库 111排7列2层/ [索取号:TU204.2/X445] | 在馆 | |
| 2 | 0838063 | 208380633 | 建筑库101/101建筑库 111排7列2层/ [索取号:TU204.2/X445] | 在馆 | |
| 3 | 0838064 | 208380642 | 建筑库101/101建筑库 111排7列2层/ [索取号:TU204.2/X445] | 在馆 |